The Walking Dead en 100 clics / Trouve l'endroit où ça se passe - Statistiques

Statistiques générales
  • Ce quiz a été pris 333 fois
  • Le résultat moyen est 70 sur 100
Statistiques - réponses
Hint Réponse % Correct
La prison
85%
Atlanta
83%
La prison
83%
La ferme des Greene
82%
Alexandria
81%
Alexandria
81%
Alexandria
81%
Alexandria
81%
La ferme des Greene
81%
La ferme des Greene
81%
La prison
81%
Alexandria
80%
Atlanta
80%
Atlanta
80%
Atlanta
80%
La prison
80%
Alexandria
79%
CDC
79%
La ferme des Greene
79%
La ferme des Greene
79%
La prison
79%
Alexandria
78%
Alexandria
78%
CDC
78%
La colline
78%
La ferme des Greene
78%
La ferme des Greene
78%
Le terminus
78%
Woodbury
78%
Alexandria
77%
Alexandria
77%
CDC
77%
CDC
77%
La décharge
77%
La ferme des Greene
77%
La prison
77%
Le sanctuaire
77%
Oceanside
77%
Alexandria
76%
Alexandria
76%
La prison
76%
Le royaume
76%
Le terminus
76%
Woodbury
76%
Woodbury
76%
Atlanta
75%
CDC
75%
Le sanctuaire
75%
Woodbury
75%
Alexandria
74%
La prison
74%
Alexandria
73%
Le sanctuaire
73%
Oceanside
73%
Woodbury
73%
Le commonwealth
72%
Woodbury
72%
Woodbury
72%
Woodbury
72%
Oceanside
71%
Alexandria
70%
La prison
70%
Alexandria
69%
Alexandria
69%
Le commonwealth
69%
Le royaume
69%
Le sanctuaire
69%
La colline
68%
Le terminus
68%
Le terminus
67%
Le terminus
67%
Atlanta
66%
Le sanctuaire
66%
Le sanctuaire
65%
Chez Noah
64%
La colline
64%
La colline
64%
La prison
64%
Le commonwealth
64%
Le sanctuaire
64%
CDC
62%
La colline
62%
Le sanctuaire
62%
Le terminus
62%
Le terminus
61%
Le terminus
60%
Le royaume
59%
Le sanctuaire
58%
La colline
57%
Chez Noah
56%
CDC
54%
Atlanta
53%
La décharge
53%
Le terminus
52%
Le terminus
49%
La colline
45%
Le royaume
43%
Alexandria
35%
Le terminus
30%
La colline
24%
Aucun quiz correspondant
Distribution des résultats
% des personnes avec chaque résultat
Percentile par nombre de réponses
Votre historique - résultats
Vous n’avez pas pris ce quiz